| 000 | 00962nam a2200241 i 4500 | ||
|---|---|---|---|
| 001 | 167373 | ||
| 003 | ES-MaACL | ||
| 005 | 20230906213518.0 | ||
| 008 | 940301s1844 sp a |||| | spa d | ||
| 040 |
_aAS _bspa |
||
| 100 | 1 |
_aViardot, Louis. _9114298 |
|
| 245 | 1 | 0 |
_aHistoria de los árabes y de los moros de España / _cpor Luis Viardot. |
| 260 |
_aBarcelona : _bImprenta de Juan de Oliveres, editor, _c1844. |
||
| 300 |
_aVI, 304 p., [1] h. de lám. ; _c18 cm. |
||
| 490 | 1 |
_aTesoro de autores ilustres ; _v20. _aObras de Viardot; 1 |
|
| 599 | _aLa h. de lam.: "J. Puiggari d." y " A. Roca g.", retrato de Isabel la Católica. | ||
| 651 | 4 |
_aEspaña- _xHistoria- _y0711-1492, Reconquista. _98217 |
|
| 830 | 0 |
_aTesoro de autores ilustres ; _v20. _aObras de Viardot; 1 _9222622 |
|
| 852 |
_aES-MaACL _jD-2183 _z-- Enc. hol. _z-- Legado de M. de la Fuente |
||
| 852 |
_aES-MaACL _jD-450 _z-- Enc. hol. |
||
| 999 |
_c167373 _d167373 |
||